00546nam a22001817a 450000500170000001000130001702000260003003700240005608200060008010000180008624500650010426000460016927000520021530000270026749000330029494200200032799900170034720140710110341.0 aBAC-CH25 a9788184083323c150.00 aDPLbIndiana/vendor aS aBronte, Emily aWuthering heights /cby Emily Bronte; adapted by Linda Louis aNew Delhibindiana Publishing Housec2013 a2/13 Ansari Road Darya GanjbNew Delhie110 002 a240p.bill.c22cm.(Hb) aIndiana illustrated classics 2ddccCHhSmBRO c86707d86707